000
00228nam a2200097Ia 4500
008
190216s9999||||xx |||||||||||||| ||und||
100
_a
Dr.Raveendran R
245
0
_a
Balachikilsa
260
_b
Kerala Bhasha Institute
942
_c
BK
999
_c
37599
_d
37599